000 00431nam a2200181Ia 4500
001 2910
005 20260306144842.0
008 260306t1999||||xx |||||||||||||| ||spa||
041 _aESP
082 _a232.955
_bP59
100 _aPini Rodolfi, Francesco
_eAUT
245 0 _aEl milagro eucarĂ­stico de Eten
260 _c1999
300 _a163 páginas :
_c21 cm.
650 _aGEN
654 _aCHU
942 _cLIB
_dJUS
_fJUS
_2ddc
_n
999 _c2910
_d2910